00704nam a2200217 a 450000100060000000300090000600800410001502000150005604000280007108200090009910000260010824500410013426000310017530000080020649000280021459001360024265000420037865000370042094200120045799900170046921443CO-ViMGA141112s2004 ck r 000 u spa d a9580476691 aCO-ViMGAbspacCO-ViMGA04aHORv1 aHorvath, Polly93062610aUn verano en la cañada de los osos aBogotá : bNorma, c2004 a288 aTorre de papel amarilla aForma de adquisición : Compra fact. 0867 - - Precio : 19500 - - Proveedor : Temas y libros - - Fecha de adquisición : Mayo 200714aCUENTOS INFANTILES CANADIENSES93062714aOSOS - CUENTOS INFANTILES930628 2ddccBK c30052d30052